| 000 | 00643nam a22001577a 4500 | ||
|---|---|---|---|
| 003 | OSt | ||
| 005 | 20150916093103.0 | ||
| 008 | 150916b xxu||||| |||| 00| 0 eng d | ||
| 040 | _cRUA | ||
| 082 | _aAGR THO 2003 B028 Or.1 | ||
| 100 |
_9561 _aTHO, THIDA. |
||
| 245 | _aStudy of the effect of defferant fruit number per hill on fruit growth and yeild of watermelon ការសិក្សាពីឥទ្ធិពលនៃចំនួនគុម្ពទៅលើការលូតលាស់ផ្លែនិងទិន្នផលឪឡឹក | ||
| 260 |
_aPhnom Penh _bRUA _c2003 |
||
| 300 |
_a47p. _bill. _c29cm. |
||
| 942 |
_2ddc _cAGR |
||
| 999 |
_c538 _d538 |
||